College Football Matchups: Notre Dame - Statistics

General Stats
  • This quiz has been taken 182 times
    41 since last reset
  • The average score is 11 of 16
Answer Stats
Games Opponent Subdivsion % Correct
96 USC Power 4
97%
28 Miami Power 4
90%
89 Purdue Power 4
87%
44 Michigan Power 4
84%
79 Michigan State Power 4
81%
98 Navy Group of 5
81%
52 Army Group of 5
77%
30 Indiana Power 4
71%
39 Stanford Power 4
68%
28 Boston College Power 4
61%
30 Air Force Group of 5
52%
38 Georgia Tech Power 4
52%
49 Northwestern Power 4
52%
74 Pittsburgh Power 4
52%
23 North Carolina Power 4
45%
24 Iowa Power 4
39%
No matching quizzes found
Score Distribution
Percent of People with Each Score
Percentile by Number Answered
Your Score History
You have not taken this quiz since the last reset